UK architects market research report (Record no. 78429)
[ view plain ]
| 000 -LEADER | |
|---|---|
| fixed length control field | 01131cab a2200217 4500 |
| 001 - CONTROL NUMBER | |
| control field | ##L136747 |
| 008 - FIXED-LENGTH DATA ELEMENTS--GENERAL INFORMATION | |
| fixed length control field | 070221n2007 000 0 eng u |
| 035 ## - SYSTEM CONTROL NUMBER | |
| System control number | (Sirsi) u136747 |
| 041 0# - LANGUAGE CODE | |
| Language code of text/sound track or separate title | eng |
| 110 2# - MAIN ENTRY--CORPORATE NAME | |
| Corporate name or jurisdiction name as entry element | Market and Business Development |
| 9 (RLIN) | 5126 |
| 245 00 - TITLE STATEMENT | |
| Title | UK architects market research report |
| Medium | [electronic resource] |
| 260 ## - PUBLICATION, DISTRIBUTION, ETC. | |
| Date of publication, distribution, etc. | 2007 |
| 490 #0 - SERIES STATEMENT | |
| Series statement | MBD Press Release |
| Volume/sequential designation | January 2007 |
| 520 ## - SUMMARY, ETC. | |
| Summary, etc. | Market research from MBD reveals that UK architect's fees in 2006 rose by 9% to a five year high of £4200.9m, with an overall rise of 56% since 2002. During the past five years, the market was boosted by increased government investment and private housing activity. Architect's fees are predicted to increase year on year over the next five years, although the annual growth rate is expected to drop from 9% in 2006 to 2% by 2011. |
| 590 ## - LOCAL NOTE (RLIN) | |
| Local note | KA |
| 650 24 - SUBJECT ADDED ENTRY--TOPICAL TERM | |
| Topical term or geographic name entry element | MBD UK ARCHITECTS MARKET RESEARCH REPORT |
| 651 #4 - SUBJECT ADDED ENTRY--GEOGRAPHIC NAME | |
| Geographic name | United Kingdom |
| Chronological subdivision | |
| 690 ## - LOCAL SUBJECT ADDED ENTRY--TOPICAL TERM (OCLC, RLIN) | |
| Topical term or geographic name as entry element | MANAGEMENT-BUSINESS MANAGEMENT-FEES |
| 856 40 - ELECTRONIC LOCATION AND ACCESS | |
| Uniform Resource Identifier | <a href="https://www.mbdltd.co.uk/Press-Release/Architects.htm">https://www.mbdltd.co.uk/Press-Release/Architects.htm</a> |
| Public note | View the item free of charge at www.mbdltd.co.uk... |
| 942 ## - ADDED ENTRY ELEMENTS (KOHA) | |
| Suppress in OPAC | 0 |
| Withdrawn status | Lost status | Source of classification or shelving scheme | Damaged status | Not for loan | Home library | Current library | Shelving location | Date acquired | Total Checkouts | Full call number | Barcode | Date last seen | Copy number | Price effective from | Koha item type |
|---|---|---|---|---|---|---|---|---|---|---|---|---|---|---|---|
| Dewey Decimal Classification | Virtual | Virtual | Online | 21/02/2007 | ONLINE PUBLICATION | 136747-2001 | 06/08/2019 | 1 | 06/08/2019 | Journal article |